STN EN 717-3: 2001 (49 2658), Dosky na báze dreva. Zisťovanie uvoľňovania formaldehydu Časť 3 Zisťovanie uvoľneného formaldehydu fľaškovou metódou

Táto národná norma je identická s EN 717-3: 1996 v českom jazyku

Bibliographic Details
Main Author: Mlynáriková, Jana (Author)
Corporate Author: Štátny drevársky výskumný ústav (Bratislava, Slovensko) (Translator)
Other Authors: Beničák, Jozef (Translator)
Format: Book
Language:Czech
Slovak
English
PhysicalDescription:[16] s. grafy, obr. 30 cm
Published: Bratislava Slovenský ústav technickej normalizácie 2001
Subjects:

MARC

LEADER 00000cam a2200000 a 4500
001 vtls010317112
003 SK-MaSNL
005 20260301213643.0
008 130117s2001 xo da f u 000 0 cze
015 |a SNBN2014 
020 |c (cen. skup. 11) 
040 |a SNK  |b slo  |c SNK  |e AACR2 
041 1 |a cze  |a slo  |h eng 
044 |a xo  |c SK 
046 |a s  |m 200109 (účin.) 
072 7 |a 674  |x Drevo. Drevársky priemysel  |2 konspekt 
072 7 |a 547  |x Organická chémia  |2 konspekt 
080 |a 674.815/.817  |2 2001 
080 |a 674.817-415  |2 2001 
080 |a 547.281.1  |2 2001 
080 |a 006.86  |2 2001 
080 |a (437.6)  |2 2001 
080 |a (4)  |2 2001 
080 |a (083)  |2 2001 
084 |a 79.060.20  |2 ICS 
130 0 |a STN 49 2658 (STN EN 717-3)  |9 600879 
245 1 0 |a STN EN 717-3: 2001 (49 2658), Dosky na báze dreva. Zisťovanie uvoľňovania formaldehydu  |n Časť 3  |p Zisťovanie uvoľneného formaldehydu fľaškovou metódou 
246 1 0 |a Dosky na báze dreva 
246 1 0 |a Zisťovanie uvoľňovania formaldehydu 
246 1 0 |a Zisťovanie uvoľneného formaldehydu fľaškovou metódou 
260 |a Bratislava  |b Slovenský ústav technickej normalizácie  |c 2001 
300 |a [16] s.  |b grafy, obr.  |c 30 cm 
500 |a Súbežný názov v angličtine, francúzštine, nemčine 
500 |a Spracovateľ: Štátny drevársky výskumný ústav Bratislava, Jozef Beničák ; SÚTN Bratislava, Jana Mlynáriková 
504 |a Citované normy, súvisiace normy a súvisiace právne predpisy s. II 
520 8 |a Táto národná norma je identická s EN 717-3: 1996 v českom jazyku 
540 |a STN vydané na akomkoľvek nosiči sa môžu rozmnožovať a rozširovať iba so súhlasom určenej právnickej osoby  |b SÚTN Bratislava  |c zákon 264/1999 Z.z. 
650 0 7 |a technické normy a štandardy  |z krajiny Európskej únie  |2 SNKPH  |9 289341 
650 0 7 |a technické normy a štandardy  |z Slovensko  |2 SNKPH  |9 79594 
650 0 7 |a aglomerované materiály  |2 SNKPH  |9 101849 
650 0 7 |a drevovláknité dosky  |2 SNKPH  |9 1120 
650 0 7 |a Agglomerated materials  |2 SNKPHeng  |9 600880 
650 0 7 |a Fibreboard sheets  |2 SNKPHeng  |9 597577 
650 0 7 |a formaldehyd  |2 SNKPH  |9 18964 
650 0 7 |a Formaldehyde  |2 SNKPHeng  |9 477269 
655 7 |a normy  |2 SNKPH  |9 70643 
700 1 |a Beničák, Jozef  |4 trl  |9 320544 
700 1 |a Mlynáriková, Jana  |4 aut  |9 312557 
710 2 |a Štátny drevársky výskumný ústav (Bratislava, Slovensko)  |4 trl  |9 123556 
710 2 |a Slovenský ústav technickej normalizácie (Bratislava, Slovensko).  |b Technická normalizačná komisia č. 16 Drevárske výrobky  |4 stn  |9 314404 
852 |a Štátna vedecká knižnica v Banskej Bystrici 
958 |a NB 
958 |a OP 
999 |c 922313  |d 924243 
952 |a SNK  |b SNK  |y PREZ  |7 0  |p 17A0720295  |o snkSTN EN 717-3  |i snk2011/20906  |8 0  |0 0  |1 0  |4 0  |d 2011-10-10  |l 0  |r 2026-02-24 08:20:13  |w 2026-02-24 
952 |a SNK  |b SNK  |y PREZ  |7 0  |p 17A0720296  |o snkSTN EN 717-3 D1  |i snk2011/20907  |8 0  |0 0  |1 0  |4 0  |d 2011-10-10  |l 0  |r 2026-02-24 08:20:13  |w 2026-02-24